Sémantické vyhľadávanie v obsahu kultúrnych inštitúcií

Saved in:
Bibliographic Details
Main Author: Habdák, Martin, 1987- (Author)
Other Authors: Andrejčíková, Nadežda, 1966- (Thesis advisor)
Format: Manuscript Book
Language:Slovak
Published: Bratislava : STU v Bratislave FIIT, 2013
Subjects:
Online Access:VAIS
Tags: Add Tag
No Tags, Be the first to tag this record!

MARC

LEADER 00000ntm a22000003a 4500
001 stu279168
005 20150617230306.4
008 131203s2013----xo------------------slo-d
040 |a STU  |b slo 
041 0 |a slo 
044 |a xo 
100 1 |a Habdák, Martin,  |d 1987-  |4 aut  |u I200  |U FIIT Fakulta informatiky a informačných technológií  |T FIIT Ústav informatiky a softvérového inžinierstva  |X 47824  |U I200  |Y 179  |7 A000047824 
242 0 0 |a Semantic search in the content of cultural institutions  |y eng 
245 1 |a Sémantické vyhľadávanie v obsahu kultúrnych inštitúcií 
260 |a Bratislava :  |b STU v Bratislave FIIT,  |c 2013 
300 |a 121 s  |c príl. 
650 7 |a softvérové inžinierstvo  |2 stusub 
650 7 |a Software Engineering  |2 estusub 
650 7 |a ontology  |2 estusub 
650 7 |a ontológia  |2 stusub 
650 7 |a prirodzený jazyk  |2 stusub 
650 7 |a sémantické vyhľadávanie  |2 stusub 
700 1 |a Andrejčíková, Nadežda,  |d 1966-  |4 ths  |u I200  |U FIIT Fakulta informatiky a informačných technológií  |T FIIT Ústav informatiky a softvérového inžinierstva  |X 38835  |U I200  |Y 179  |7 A000038835 
856 4 |a info a plný text  |u http://is.stuba.sk/zp/portal_zp.pl?podrobnosti=91224  |3 VAIS 
996 |b IDP96/13  |c I*DP96/13  |l II680  |s A  |a 24  |w stu279168_0001